[Event "New Delhi Skillcraft U1800 op 1st"]
[Site "New Delhi"]
[Date "2025.01.11"]
[Round "5"]
[White "Singh, Vimlesh Kumar"]
[Black "Chaubey, Bharat"]
[Result "0-1"]
[WhiteElo "1717"]
[BlackElo "1538"]
[PlyCount "58"]
[EventDate "2025.01.10"]
[EventType "swiss"]
[EventRounds "9"]
[EventCountry "IND"]
[SourceTitle "CB12_2025"]
[SourceDate "2025.03.19"]
[SourceVersion "1"]
[SourceVersionDate "2025.03.19"]
[SourceQuality "1"]

1. e4 Nc6 2. d4 e5 3. d5 Nce7 4. Nf3 Ng6 5. Bd3 Nf6 6. h3 Bc5 7. 0-0 d6 8. Re1 0-0 9. a4 c6 10. c4 Nh5 11. Bg5 Qb6 12. Qc2 a5 13. Nc3 Nhf4 14. Rad1 h6 15. Bxf4 Nxf4 16. Rd2 g5 17. Nh2 h5 18. Nf1 g4 19. h4 g3 20. Nxg3 Kh8 21. Bf1 Rg8 22. Nf5 Bxf5 23. exf5 Bxf2+ 24. Rxf2 Nh3+ 25. Kh2 Nxf2 26. Ne4 Ng4+ 27. Kh3 cxd5 28. cxd5 Qg1 29. g3 Qh1+ 0-1